000 00260nam a22000977a 4500
999 _c11632
_d11632
008 190921b ||||| |||| 00| 0 eng d
020 _a9789388788854
100 _aGoyal
_97335
245 _aScore Well Social Science- IX
260 _aNew Delhi
_bGoyal Brothers
_c2019